| 000 | 00610nab a2200205 a 4500 | ||
|---|---|---|---|
| 005 | 20210219160959.0 | ||
| 008 | 991125s1985 mx 000 0 spa u | ||
| 035 | _aUPN01000176439 | ||
| 222 | _aINNOVACION EDUCATIVA | ||
| 245 | _aEnseñar y aprender en la universidad : saberes, concepciones y prácticas de escritura en contextos académicos | ||
| 260 | _aMéxico | ||
| 300 | _a19-35 | ||
| 362 | 0 | _a2009 Vol. 9, no. 49, oct.-dic. | |
| 653 | 0 | _aCOMPOSICION ESCRITA | |
| 653 | 0 | _aEDUCACION SUPERIOR | |
| 653 | 0 | _aAPRENDIZAJE | |
| 700 | 1 | _aVázquez, Alicia, | |
| 700 | 1 | _ecoaut. | |
| 905 | _aArticulo | ||
| 999 |
_c148542 _d148542 |
||